Behold the leviathan: (Record no. 750601)

MARC details
000 -LEADER
fixed length control field 00415nam a22001217a 4500
020 ## - INTERNATIONAL STANDARD BOOK NUMBER
ISBN 9780143469490
082 ## - DEWEY DECIMAL CLASSIFICATION NUMBER
Classification number 320.1 MUK/B
100 ## - MAIN ENTRY--AUTHOR NAME
Personal name Mukherjea, Saurabh and Rajhansa, Nandita
245 ## - TITLE STATEMENT
Title Behold the leviathan:
Sub Title the unusual rise of modern India/
Statement of responsibility, etc by Saurabh Mukherjea and Nandita Rajhansa
260 ## - PUBLICATION, DISTRIBUTION, ETC. (IMPRINT)
Place of publication . - Haryana
Name of publisher : Penguin Random House India Ltd.
Year of publication , 2024
300 ## - PHYSICAL DESCRIPTION
Number of Pages xxv+215 pages
942 ## - ADDED ENTRY ELEMENTS (KOHA)
Source of classification or shelving scheme Dewey Decimal Classification
Koha item type Book
Holdings
Withdrawn status Lost status Source of classification or shelving scheme Damaged status Not for loan Home Library Current Location Date acquired Full call number Accession Number Price effective from Koha item type
    Dewey Decimal Classification     Dept. of Political Science Dept. of Political Science 06/02/2025 320.1 MUK/B POL23739 25/07/2025 Book